Alle Pokémon - Fähigkeiten - Statistiken

Allgemein
  • Dieses Quiz wurde 28 mal gespielt
  • Das Durchschnittsergebnis liegt bei 107 aus 306
Antwortstatistiken
Fähigkeit Hilfe Beschreibung % Korrekt
Adlerauge Ad...au.e Verhindert Verlust der Genauigkeit.
87%
Adrenalin Ad.....in Steigert ANG bei Statusveränderungen.
80%
Aura-Umkehr Au.a - Um..er Kehrt Wirkung von Auren um.
80%
Angsthase An...ha.e Erleichtert das Entkommen.
73%
Aquahülle Aq..hü.le Verhindert Verbrennungen.
73%
Dürre Dü..e Erzeugt ☀️ im Kampf.
73%
Rohe Gewalt Ro.e Ge..lt Erhöht Kraft, aber hebt Zusatz-Effekte auf.
73%
Achtlos Ac...os Steigert Attacken mit Rückstoß-Schaden.
67%
Anspannung An......ng Hindert Gegner durch Stress am Beerenkonsum.
67%
Blitzfänger Bl...fä..er Zieht ⚡-Attacken an.
67%
Neutraltorso Ne.....to.so Verhindert Absenken der Statuswerte.
67%
Ausweglos (Auswegslos) Au.....os Verhindert Flucht des Gegners.
60%
Backentaschen Ba....ta...en Heilt beim Konsum von 🫐 KP.
60%
Bedroher Be....er Senkt ANG des Gegners.
60%
Drachenkiefer Dr.....ki..er Erhöht Stärke von 🐉-Attacken.
60%
Elektro-Erzeuger El...ro - Er....er Erzeugt bei Kampfantritt ein Elektrofeld.
60%
Erzwinger Er.....er Steigert AP-Verbrauch des Gegners.
60%
Feuerfänger Fe...fä..er Verstärkt 🔥-Attacke, wenn von 🔥-Attacke getroffen.
60%
Fischschwarm Fi...sc...rm Bei hohen KP-Wert wird PKM zu stärkeren Schwarm.
60%
Hasenfuß Ha...f.ß Aus Angst vor manchen Attacken steigt INIT.
60%
Innere Kraft In..re Kr..t Heilt bei Austausch Statusprobleme.
60%
Nebel-Erzeuger Ne..l - Er....er Erzeugt bei Kampfantritt ein Nebelfeld.
60%
Niesel Ni..el Ruft 🌧️ herbei. (Kampf)
60%
Notdünger No.dü..er Verstärkt 🌱-Attacken. (Not)
60%
Rauhaut Ra.ha.t Verletzt bei Berührung.
60%
Sandsturm Sa..st.rm Erzeugt 1 Sandsturm.
60%
Alpha-System Al.ha - Sy..en PKM passt Typ der getragenen 💿 an.
53%
Anpassung An.....ng Steigert Attacken desselben Typs.
53%
Apport Ap..rt Trägt PKM kein Item, hebt es Ball aus 1. gescheitertenFangversuch des Kampfes wieder auf.
53%
Belebekraft Be....kr.ft Heilt beim Austausch geringe Menge an KP.
53%
Bestien-Boost Be...en - Bo.st Erhöht in jeder Runde, in der es 1 PKM besiegt,höchsten Statuswert.
53%
Bruchrüstung Br...rü...ng Physische Treffer senken VERT & steigern INIT.
53%
Chlorophyll Ch....ph.ll Steigert INIT bei ☀️.
53%
Doppelgänger Do....gä..er Kämpft als Kopie seines Gegenübers.
53%
Dösigkeit Dö.....it Verhindert Anziehung.
53%
Dunkelaura Du....au.a Erhöht Stärke von Unlicht -Attacken.
53%
Dynamo Dy..mo Wenn PKM Schaden erleidet, lädt es sich auf &Stärke der nächsten ⚡-Attacke steigt.
53%
Eishaut Ei.ha.t Regeneriert bei Hagel KP.
53%
Feenaura Fe..au.a Erhöht Stärke von 🧚🏻‍♂️-Attacken.
53%
Frühwecker Fr..we..er Schnelles Aufwachen.
53%
Giftdorn Gi..do.n ☠️ bei Berührung.
53%
Giftgriff Gi..gr.ff Kann Ziel durch Berühren ☠️.
53%
Giftkette Gi..ke.te Gegner werden schwer ☠️.
53%
Großbrand Gr..br.nd Stärkt 🔥-Attacken in Not.
53%
H2O-Absorber H.. - Ab....er Wandelt 💧 in KP um.
53%
Hitzeschutz Hi...sc..tz Senkt Kraft von 🔥-Attacken.
53%
Hochmut Ho..m.t Besiegt es ein PKM, steigt ANG-Wert.
53%
Konzentrator Ko....tr..or Verhindert Zurückschrecken.
53%
Kraftkoloss Kr...ko..ss Steigert ANG.
53%
Lärmschutz Lä..sc..tz Immun gegen Lärm-Attacken.
53%
Minus Mi..s Bildet Team mit Plusle.
53%
Notschutz No.sc..tz Steigert VERT bei Statusveränderungen.
53%
Plus Pl.s Bildet Team mit Minun.
53%
Psycho-Erzeuger Ps..ho - Er....er Erzeugt bei Kampfantritt 1 Psychofeld.
53%
Regengenuss Re...ge..ss KP-Anstieg bei 🌧️.
53%
Schwebe Sc...be Immunität gegen Boden-Attacken.
53%
Statik St..ik Paralysiert bei Berührung.
53%
Tera-Panzer Te.a - Pa..er Bei voller KP sind Attacken nicht sehr effektiv.
53%
Voltabsorber Vo..ab....er Wandelt ⚡ in KP um.
53%
Affenfokus Af...fo.us Erhöht ANG, aber nur zuerst gewählte Attacke kann eingesetzt werden.
47%
Alptraum Al....um Senkt KP 1 😴 Gegners.
47%
Dampfantrieb Da...an...eb INIT steigt, wenn von 💧- oder 🔥-Attacke getroffen.
47%
Dauerschlaf Da...sc..af PKM ist im Halbschlaf, kann jedoch angreifen.
47%
Delta-Wind De..a - Wi.d Ändert Wetter. Schwächen des Typs 🪽 werden beseitigt.
47%
Edelmut Ed..m.t Verstärkt Zusatz-Effekte.
47%
Eisenfaust Ei...fa.st Steigert Effektivität von Box-Attacken.
47%
Eisenstachel Ei...st...el PKM nehmen durch Berühren Schaden.
47%
Farbwechsel Fa..we...el Ändert Attacken-Typ des Gegners.
47%
Flammkörper Fl...kö..er Verbrennt bei Berührung.
47%
Flexibilität Fl...bi...ät Verhindert Paralyse.
47%
Glückspilz Gl....pi.z Erhöht Chance auf 1 Volltreffer.
47%
Gras-Erzeuger Gr.s - Er....er Erzeugt bei Kampfantritt 1 Grasfeld.
47%
Honigmaul Ho...ma.l PKM sammelt gelegentlich 🍯 auf.
47%
Immunität Im.....ät Verhindert ☠️.
47%
Insomnia In....ia Verhindert 😴.
47%
Klebekörper (Wertehalter) Kl...kö..er Verhindert Item-Diebstahl.
47%
Klimaschutz Kl...sc..tz Kehrt Wetter-Effekte um.
47%
Magieschild Ma...sc..ld PKM nimmt nur durch direkte Attacken Schaden.
47%
Magnetfalle Ma....fa.le Verhindert Flucht von Stahl-PKM.
47%
Mentalkraft Me....kr..t Steigert Kraft physischer Attacken.
47%
Puderabwehr Pu...ab..hr Blockiert Zusatz-Effekte gegnerischer Attacken.
47%
Quantenantrieb Qu.....an...eb Höchster Statuswert steigt bei Elektrofeldoder durch Energiekapsel.
47%
Rastlose Seele Ra....se Se.le Wird PKM attackiert, tauscht es Fähigkeit mit Angreifer.
47%
Rivalität Ri.....ät Erhöht ANG, wenn Gegner dasselbe Geschlecht hat.
47%
Saumselig Sa..se.ig Halbiert zeitweilig ANG & INIT.
47%
Speckschicht Sp...sc...ht Schutz vor Hitze & Kälte.
47%
Sturzbach St...ba.h Stärkt 💧-Attacken in Not.
47%
Synchro Sy...ro Gibt Verbrennung, ☠️ & Paralyse an Gegner.
47%
Tastfluch Ta..fl.ch Blockiert gelegentlich Attacken.
47%
Tera-Wandel Te.a - Wa..el Absorbiert Energie & nimmt Terakristall-Form an.
47%
Völlerei Vö....ei Ermutigt zum frühzeitigen Verwenden einer 🫐.
47%
Vorwarnung Vo.wa...ng Gibt Auskunft über stärkste gegnerische Attacke.
47%
Wackerer Schild Wa....er Sc..ld Erhöht bei Kampfantritt VERT.
47%
Wegsperre We.sp..re Hindert Gegner an Flucht.
47%
Elektrohaut El.....ha.t Normal -Attacken nehmen Typ ⚡ an & Stärke erhöht sich.
40%
Endland En...nd Ändert Wetter. Unterbindet direkte 💧-Attacken.
40%
Facettenauge Fa......au.e Steigert Genauigkeit.
40%
Feenschicht Fe..sc...ht Normal -Attacken nehmen Typ 🧚🏻‍♂️ an.
40%
Feldherr Fe.. he.r Bei Kampfantritt steigen ANG & Spezial-ANGfür jedes besiegte Team-Mitglied.
40%
Feuchtigkeit Fe....ig..it Verhindert Selbstzerstörung.
40%
Finalschlag Fi...sc..ag Schadet Angreifer, der finale Attacke landet.
40%
Freundschaftsakt Fr....sc.....a.t Kann nach dem Besiegen 1 Gegners "Ash-Form" annehmen.
40%
Frostschicht Fr...sc...ht Normal -Attacken nehmen Typ ❄️ an.
40%
Gefühlswippe Ge.....wi.pe Erhöht 1 Statuswert & senkt 1 anderen.
40%
Geistiges Auge Ge.....es Au.e Genauigkeit kann nicht gesenkt werden.
40%
Giftbelag Gi..be.ag Bei Schaden durch physische Attacke, verstreut PKM ☠️ Stacheln.
40%
Hadronen-Motor Ha....en - Mo.or Erzeugt Elektrofeld & verstärkt Spezial-ANG.
40%
Heilherz He..he.z Befreit Mitstreiter gelegentlich von Statusproblemen.
40%
Helles Wiehern He..es Wi...rn Erhöht ANG nach Besiegen 1 Gegners.
40%
Hexaplaga He.....ga Stärkt 🪲-Attacken in Not.
40%
Kloakensoße Kl.....so.e Saug-Attacken schädigen.
40%
Kommandant Ko......nt Ist Heerashai auf der Mitstreiterseite, springt PKM in dessen Maul.
40%
Krallenwucht Kr.....wu.ht Erhöht Stärke von direkten ANG.
40%
Kühnes Schwert Kü..es Sc...rt Erhöht bei Kampfantritt den ANG.
40%
Langfinger La..fi..er Stiehlt Item bei Berührung.
40%
Libero Li..ro PKM nimmt bei Einsatz von Attacke deren Typ an.
40%
Megawumme Me..wu.me Erhöht Stärke von Wellen-, Aura- & Puls-Attacken.
40%
Mitnahme Mi....me Kann Items aufnehmen.
40%
Multischuppe Mu...sc...pe Verringert Schaden bei vollen KP.
40%
Mumie Mu..e Bei Berührung übernimmt man seine Fähigkeit.
40%
Munterkeit Mu......it Verhindert 😴.
40%
Punk Rock Pu.k Ro.k Erhöht Stärke von Lärm-Attacken & halbiert Schaden durch diese.
40%
Rauflust Ra..lu.t Ermöglicht es, 👻-Gegner zu treffen.
40%
Redlichkeit Re.li..ke.t ANG steigt nach Schaden durch Unlicht-Attacke.
40%
Robustheit Ro......it Schutz gegen K.O.-Treffer-ANG.
40%
Rückzug Rü...ug Fallen KP auf die Hälfte oder weniger, kehrt das PKM in seinen Ball zurück.
40%
Sandgewalt Sa..ge..lt Attacken wirken in Sandstürmen besser.
40%
Sandspeier Sa..sp..er Löst Sandsturm aus, wenn PKM attackiert wird.
40%
Schnarchnase Sc......na.e Greift nur in jedem 2. Zug an.
40%
Schwermetall Sc....me..ll Verdoppelt eigenes Gewicht.
40%
Stählerner Wille St......er Wi.le Erhöht Stärke von Stahl-Attacken.
40%
Tänzer Tä..er Kann nach gegn. 🕺🏻-Attacke auch eine einsetzen.
40%
Tiefkühlkopf Ti..kü..ko.f Blockt 1 physische Attacke ab & bewirkt Formwechsel.
40%
Vegetarier Ve..ta..er Treffer durch 🌱-Attacken stärken ANG.
40%
Wolke 7 Wo.ke Si..en Keine Wetter-Effekte.
40%
Wutpanzer Wu.pa..er VERT & Spezial-VERT sinken + ANG, Spezial-ANG & INIT steigen bei halber KP oder weniger.
40%
Zähigkeit Zä...ke.t Bei Schaden steigt VERT.
40%
Analyse An...se Greift PKM zuletzt an, ist es stärker.
33%
Blütenhülle Bl....hü.le Schützt 🌱-PKM vor gesenkten Statuswerten.
33%
Charmebolzen Ch....bo..en Wirkt bei Kontakt betörend.
33%
Duftnote Du..no.e Wehrt wilde PKM ab.
33%
Dunkles Wiehern Du...es Wi...rn Erhöht Spezial -ANG nach Besiegen 1 Gegners.
33%
Erfassen (Fährte) Er....en PKM kopiert Fähigkeit des Gegners.
33%
Expidermis Ex......is Heilt durch Häutung.
33%
Flauschigkeit Fl.....ig..it 1\2 Schaden durch direkte Attacken,verdoppelt aber 🔥 - Schaden.
33%
Floraschild Fl...sc..ld Verhindert Statusprobleme bei ☀️.
33%
Giftheilung (Aufheber) Gi..he...ng Steigert KP, wenn PKM ☠️ .
33%
Giftwahn Gi..wa.n Verstärkt bei ☠️ physische ANG.
33%
Gleichmut (Tempomacher) Gl....m.t Verhindert Verwirrung.
33%
Goldkörper Go..kö..er PKM kann nicht von Status-Attacken getroffen werden.
33%
Heißhunger He..hu..er Wechsel zwischen Pappsatt- & Kohldampfmusterin jeder Runde.
33%
Hitzewahn Hi...wa.n Verstärkt Spezial-Attacke im Fall von Verbrennungen.
33%
Hydration Hy.....on Heilt Statusprobleme bei 🌧️.
33%
Korrosion Ko.....on Vergiftet PKM vom Typ Stahl oder ☠️.
33%
Kostümspuk Ko....sp.k Kann 1x pro Kampf 1 ANG abwehren.
33%
Kugelsicher Ku...si..er Schützt PKM vor geworfenen Bomben & Kugeln.
33%
Leichtmetall Le....me..ll Halbiert eigenes Gewicht.
33%
Orichalkum-Puls Or......um - Pu.s Erzeugt ☀️ & erhöht ANG.
33%
Panzerhaut Pa....ha.t Wehrt Volltreffer ab.
33%
Plätscherstimme Pl.......st..me Lärm-Attacken nehmen Typ 💧an.
33%
Reiche Ernte Re..he Er..e 🫐 können mehrmals verwendet werden.
33%
Sandscharrer Sa..sc....er Erhöht in Sandstürmen die INIT.
33%
Schneeschauer (Hagelalarm) Sc....sc..uer PKM beschwört 1 Hagelsturm.
33%
Siegeswille Si....wi.le Sinken Statuswerte, steigt ANG.
33%
Solarkraft So...kr..t Steigert Spezial-ANG bei ☀️, senkt aber KP.
33%
Stahlprofi St...pr.fi Erhöht Stärke von Stahl-Attacken.
33%
Starthilfe St...hi.fe Erhöht INIT nach ⚡-Attacke.
33%
Steinhaupt St...ha.pt Verhindert Rückstoß-Schaden.
33%
Superschütze Su...sc...ze Steigert Schaden von Volltreffern.
33%
Telepathie Te..pa..ie Erkennt & pariert ANG von Mitstreitern.
33%
Temposchub Te...sc.ub Erhöht INIT nach & nach.
33%
Teravolt Te..vo.t Attacken können ungeachtet von Fähigkeit verwendet werden.
33%
Titankiefer Ti...ki..er Erhöht die Stärke von Biss-Attacken.
33%
Trockenheit Tr.....h.it Heißes Wetter reduziert KP. 💧 steigert KP.
33%
Trugbild Tr..bi.d Kämpft in Gestalt des Listenletzten.
33%
Turbobrand Tu...br.nd Attacken können ungeachtet der Fähigkeit verwendet werden.
33%
Überbrückung Üb..br....ng Attacken können unabhängig der Fähigkeit verwendet werden.
33%
Verborgene Faust Ve......ne Fa.st Direkte Attacke trifft auch wenn Ziel sich schützt.
33%
Viskosität Vi...si.ät INIT von Angreifern sinkt durch Berühren.
33%
Vorahnung Vo.ah..ng Ahnt gefährliche Attacken des Gegners voraus.
33%
Wassertempo Wa....te.po Steigert INIT bei 🌧️
33%
Zuckerhülle Zu....hü.le Team-PKM können nicht 😴.
33%
Aufwertung Au.we...ng Steigert nicht sehr effektive Attacken.
27%
Bodenschmaus Bo...sc...us Boden-Attacke machen keinen Schaden sondern regenerieren KP.
27%
Buntkörper Bu..kö..er Attacken mit hoher Erstschlagquote werden verhindert.
27%
Download Do....ad Passt Kraft der gegnerischen Statuswerte an.
27%
Entlastung En......ng Erhöht INIT, wenn Item verwendet/verloren wird.
27%
Familienbande Fa......ba.de 2 Generationen setzen gemeinsam zum ANG an.
27%
Fellkleid Fe.. kl.id Halbiert Schaden durch physische Attacken.
27%
Felsenfest Fe....fe.t Erhöht INIT, wenn PKM zurückschreckt.
27%
Felskern Fe..ke.n Senkt Stärke sehr effektiver Attacken.
27%
Giftpuppenspiel Gi..pu....sp.el Wird Ziel durch Attacke ☠️, wird es auch verwirrt.
27%
Kampfpanzer Ka...pa..er Wehrt Volltreffer ab.
27%
Kraftquelle Kr...qu..le Erhöht bei benachbarten PKM Stärke von Attacken.
27%
Kurzschluss Ku..sc...ss Max. ANG nach Einstecken 1 Volltreffers.
27%
Lockenkopf Lo....ko.f Senkt bei Berührung INIT des Angreifers.
27%
Magmapanzer Ma...pa..er Verhindert ❄️.
27%
Orkanschwingen Or...sc.....en 🪽-Attacken greifen zuerst an.
27%
Paläosynthese Pa...sy....se Bei ☀️ oder durch Energiekapsel steigt höchster Statuswert.
27%
Phantomschutz Ph.....sc..tz Verringert Schaden bei vollen KP.
27%
Prognose Pr....se Formeo verändert Form.
27%
Pulverrauch Pu....ra.ch Verhindert Absenken der Statuswerte.
27%
Quälerei Qu....ei Sorgt bei ANG auf ☠️ Ziele für Volltreffergarantie.
27%
Rasanz Ra..nz Erhöht INIT bei Statusproblemen.
27%
Sandschleier Sa..sc...ier Erhöht Fluchtwert. (Sandsturm)
27%
Saugnapf Sa..na.f Blockt Attacken & Items, die PKM austauschen.
27%
Scherenmacht Sc.....ma.ht Verhindert ANG-Reduzierung.
27%
Schneemantel Sc....ma..el Erhöht bei Hagel Fluchtwert.
27%
Schwächling Sc.......ng Bei 1\2 KP-Anzahl sinken Statuswerte.
27%
Schwebedurch Sc.....du.ch Überwindet gegnerische Schilde & greift an.
27%
Seelenherz Se....he.z Erhöht beim Besiegen den Spezial-ANG.
27%
Spiegelrüstung Sp.....rü...ng Lenkt Effekte, die Statuswerte senken, auf Gegner um.
27%
Sporenwirt Sp....wi.t Bei Kontakt evtl. Paralyse, ☠️ oder 😴.
27%
Strolch St...ch Ermöglicht Erstschlag mit Status-Attacken.
27%
Sturmsog St...s.g Ruft 💧 herbei & erhöht Spezial -ANG.
27%
Surf-Schweif Su.f - Sc...if Verdoppelt INIT bei Elektrofeld.
27%
Süßer Nektar Sü.er Ne..ar Senkt Ausweichwert der Gegner.
27%
Thermowandel Th....wa..el Bei Treffer von 🔥-Attacke steigt ANG & wird immun gegen Verbrennungen.
27%
Trance-Modus Tr..ce - Mo.us Wechselt Gestalt, wenn's eng wird.
27%
Übereifer Üb..ei.er Erhöht ANG, senkt Genauigkeit.
27%
Umkehrung Um.....ng Statusveränderungen werden umgekehrt.
27%
Wandlungskunst Wa.......ku.st PKM nimmt bei Einsatz einer Attacke deren Typ an.
27%
Wasserblase Wa....bl.se 🔥-Attacken fügen weniger Schaden zu &verhindert Verbrennungen.
27%
Wertelink We...li.k Längere Treffer-Serien. (Mehrfach-Attacken)
27%
Würggeschoss Wü..ge....ss Fängt Beute durch Surfer oder Taucher & spuckt es bei Schaden wieder aus.
27%
Wutausbruch Wu.au....ch Fallen KP nach einem ANG nur noch auf die Hälfte oder weniger, steigt Spezial-ANG.
27%
Zenithaut Ze...ha.t Normal -Attacken nehmen Typ 🪽 an.
27%
Batterie Ba....ie Erhöht Stärke der Spezial-Attacken von Mitstreitern.
20%
Brustbieter Br...bi..er Hindert Angreifer, Verteidigung zu senken.
20%
Chemiekraft Ch....kr.ft Wechselt Fähigkeit zu der 1 kampfunfähigen Mitstreiters.
20%
Dufthülle Du..hü.le Schützt Team - Pokémon vor mentalen ANG.
20%
Eisflügelstaub Ei.fl....st.ub Halbiert Schaden, den PKM durch Spezial-Attacken erleidet.
20%
Erleuchtung Er.....tu.g Mehr PKM-Begegnungen.
20%
Filter Fi..er Senkt Stärke sehr effektiver Attacken.
20%
Freundeshut Fr......h.t Verringert Schaden an Mitstreitern.
20%
Heilwandel He..wa..el Erstschlag mit Attacken, welche KP direkt regenerieren.
20%
Knusperkruste Kn.....kr..te Kein Schaden durch 🔥-Attacken. VERT steigt.
20%
Magenkrempler Ma...kr....er Wird PKM besiegt, bekommt ANG Schaden in Höhe letzter KP.
20%
Magiespiegel Ma....skp.. Lenkt Status-Attacken auf Angreifer um.
20%
Majestät Ma....ät Attacken mit hoher Erstschlagquote werden verhindert.
20%
Pflanzenpelz Pf......pe.z Erhöht VERT bei Grasfeld.
20%
Prismarüstung Pr....rü...ng Stärke von sehr effektiven ANG wird gesenkt.
20%
Reaktionsgas Re.......g.s Fähigkeiten anderer PKM werden unterdrückt \ aufgehoben.
20%
Reitgespann Re..ge...nn Spezialfähigkeit von Coronospa.
20%
Scharfkantig Sc....ka..ig Stärke von Schnitt-Attacken steigt.
20%
Scharwandel Sc...wa..el Bei 1\2 KP oder weniger, Annahme von Optimumform.
20%
Schildlos Sc....l.s ANG des PKM & des Gegners treffen.
20%
Schneescharrer Sc....sc....er Erhöht bei Hagel INIT.
20%
Schnellschuss Sc.....sc..ss Ermöglicht gelegentlich Erstschlag.
20%
Schnüffler Sc......er Gibt Auskunft über gegnerische Items.
20%
Stahlrückgrat St...rü..gr.t Ignoriert Effekte von Fähigkeiten anderer PKM, die Attacken auf sich lenken.
20%
Symbiose (Nutznießer) Sy....se PKM kann Item an Mitstreiter weitergeben.
20%
Taktikwechsel Ta....we...el PKM nimmt je nach Kampftaktik andere Form an.
20%
Techniker Te.....er Steigert Effektivität schwächerer Attacken.
20%
Teraforming Null Te..fo...ng Nu.l Eliminiert in Stellarform Wettereffekte & Felder.
20%
Tollpatsch To..pa..ch PKM kann keine Items verwenden.
20%
Transistor Tr...is.or Erhöht Stärke von ⚡-Attacken.
20%
Unbeugsamkeit Un....sa...it Erhöht Spezial-ANG, wenn Statuswert sinkt.
20%
Unheilsgefäß Un.....ge..ß Schwächt Spezial-ANG aller PKM.
20%
Unheilsjuwelen Un.....ju...en PKM schwächt Spezial-VERT aller anderen PKM.
20%
Unheilsschwert Un.....sc...rt Schwächt VERT aller Pokémon.
20%
Unheilstafeln Un.....ta..ln Schwächt ANG aller Pokémon.
20%
Urmeer Ur..er Ändert Wetter & 🔥-Attacken werden wirkungslos.
20%
Variabilität Va...bi...ät Passt den Typ der getragenen Tafel an.
20%
Wankelmut Wa....m.t PKM ist anfällig für Statusveränderungen.
20%
Wiederkäuer Wi....kä.er Wenn PKM 🫐 isst, isst es diese später erneut.
20%
Wunderwache Wu....wa.he Nur sehr effektive Treffer schaden.
20%
Zeitspiel Ze..sp.el Handelt erst nach PKM mit niedrigerer INIT.
20%
Langstrecke La..st...ke Attacken können ohne Berührung eingesetzt werden.
13%
Läutersalz Lä....sa.z Erhält keine Statusprobleme & Schaden von 👻-Attacken wird halbiert.
13%
Metallprotektor Me....pr.....or Verhindert Senken der Statuswerte durchAttacken & Fähigkeiten.
13%
Partikelschutz (Wetterfest) Pa......sc..tz Nimmt keinen Schaden durch Wetterbedingungen.
13%
Pflanzengabe Pf......ga.e Steigert Effektivität von Team-PKM bei ☀️.
13%
Regulierung Re.......ng Alle Attacken des PKM werden zum Normal-Typ.
13%
Reißaus Re...us Fallen KP auf Hälfte oder weniger, wird PKM ängstlich.
13%
Schweifrüstung Sc.....rü...ng Hindert Gegner, Erstschlag-Attacken gegen Mitstreiterseite einzusetzen.
13%
Streusaat St...sa.t Bei Schaden wird Grasfeld erzeugt.
13%
Superwechsel Su...we...el Wird PKM ausgewechselt, nimmt es Heldenform an.
13%
Synchronauftritt Sy......au.tr.tt Kopiert Statusveränderungen 1 Mitstreiters.
13%
Unheilskörper Un.....kö..er Bei Treffer von direkter Attacke wird PKM zusammenmit Gegner nach 3 Runden besiegt.
13%
Unkenntnis Un......is Ignoriert Wechsel der Statuswerte des Gegners.
13%
Wachhund Wa..hu.d Bei Bedrohung steigt ANG & Austausch-Attacken+ Items haben keine Wirkung.
13%
Windkraft Wi..kr.ft Stärke der nächsten ⚡-Attacke wird durchgegn. 🌪️-Attacken gesteigert.
13%
Windreiter Wi..re..er ANG steigt bei Rückenwind & 🌪️-Attacken + erleidet keinen Schaden durch diese.
13%
Wollflaum Wo..fl.um INIT aller PKM sinkt bei Schaden.
13%
Zauberer Za....er Stiehlt Items von PKM, die von Attacken getroffen wurden.
13%
Beschattung Be......u.g Bewirkt bei Angriff auf neu eingewechselte Ziele doppelten Schaden.
7%
Duftschwade Du..sc...de PKM überträgt bei Berührung diese Fähigkeit auf Angreifer.
7%
Erinnerungskraft Er.........kr.ft Je nach Maske erhöhen sich Statuswerte.
7%
Gastlichkeit Ga......ke.t Füllt KP seines Mitstreiters auf.
7%
Hemmungslos He.......os Hebt Wirkung von Lichtschild, Reflektor & Auroraschleier beidseitig auf.
7%
Kuriose Arznei Ku...se Ar..ei Hebt alle Statusveränderungen von Mitstreitern auf.
7%
Limitschild Li...sc..ld Fallen KP auf Hälfte oder weniger, wird PKM aggressiv.
7%
Mimese Mi..se Je nach Zustand des Feldes ändert sich PKM -Typ.
7%
Pastellhülle Pa.....hü.le Schützt PKM & Mitstreiter vor ☠️.
7%
Profiteur Pr.....ur Wenn Statuswert des Gegners steigt, erhöht sich der eigene auch.
7%
Receiver Re....er Wird Mitstreiter besiegt, erhält PKM dessen Fähigkeit.
7%
Schraubflosse Sc.....fl..se Ignoriert Effekte von Fähigkeiten anderer PKM,die Attacken auf sich lenken.
7%
Taumelschritt Ta....sc...tt Erhöht Fluchtwert, wenn PKM verwirrt ist.
7%
Triumphstern Tr.....st.rn Erhöht Genauigkeit bei allen Team-PKM.
7%
Verklumpen Ve.kl...en VERT steigt durch 💧-Attacke.
7%
Wunderhaut Wu....ha.t Wehrt mit robustem Körper Status-Attacken ab.
7%
Zerebralmacht Ze......ma.ht Erhöht Stärke von sehr effektiven Attacken.
7%
Heranreifen He...re..en Verdoppelt Effekt von 🫐.
0%
Myzelienkraft My......kr..t Einsatz von Status-Attacken ist langsamer, jedoch werdenFähigkeiten ignoriert.
0%
Steinträger St...tr..er Stärke von 🪨-Attacken steigt.
0%
Keine übereinstimmenden Quizze gefunden
Verteilung der Resultate
Anzahl Personen mit jedem Resultat
Perzentil nach korrekt beantworteten Fragen
Ihre Resultats-Entwicklung
Sie haben dieses Quiz noch nicht gespielt